Lost enchantment /

Saved in:
Bibliographic Details
Main Author: Pargeter, Margaret
Format: Book
Language:English
Published: London : Mills & Boon, 1985.
LEADER 00723nam a2200205 a 4500
001 c000260365
003 CARM
005 20070514114814.0
008 881026s1985 enk 000 1 eng d
019 1 |a 50070350  |5 LACONCORD2021 
020 |a 0263751198 (pbk.) 
035 |a (OCoLC)812534889  |5 LACONCORD2021 
040 |a VCAV  |b eng  |c VCAV 
100 1 |a Pargeter, Margaret. 
245 1 0 |a Lost enchantment /  |c by Margaret Pargeter. 
260 |a London :  |b Mills & Boon,  |c 1985. 
300 |a 192 p. 
852 8 |b CARM  |h A1:AO03A0  |i A04260  |p 0374827  |f BK 
999 f f |i 0299ec91-f6eb-5342-b0b1-c3d6916f51de  |s 2fe361b8-9743-55ef-a997-995161f54050 
952 f f |p Can circulate  |a CAVAL  |b CAVAL  |c CAVAL  |d CARM 1 Store  |e A04260  |f A1:AO03A0  |h Other scheme  |i book  |m 0374827